|
|
|
|
| LEADER |
00000cam a2200000 7i4500 |
| 001 |
0000037140 |
| 005 |
20130819.0 |
| 008 |
130819 |
| 020 |
|
|
|a 9838808149
|
| 090 |
0 |
0 |
|a 428.2
|b ENG
|
| 245 |
1 |
4 |
|a The English language for mature learner
|
| 250 |
|
|
|a 2nd ed
|
| 260 |
|
|
|a Selangor :
|b Eddiplex Sdn. Bhd ,
|c 2009
|
| 650 |
|
0 |
|a English language
|x Grammar
|
| 650 |
|
0 |
|a English language
|x Pronounciation
|
| 650 |
|
0 |
|a English language
|x Usage
|
| 999 |
|
|
|a 0001233635
|b Book
|c Adult Collection
|e Cawangan Mersing
|
| 999 |
|
|
|a 0001233636
|b Book
|c Adult Collection
|e Cawangan Bandar Tenggara
|
| 999 |
|
|
|a 0001233640
|b Book
|c Adult Collection
|e Cawangan Pontian
|
| 999 |
|
|
|a 0001239291
|b Book
|c Adult Collection
|e Perbadanan Perpustakaan Awam Johor
|
| 999 |
|
|
|a 0001239292
|b Book
|c Adult Collection
|e Perbadanan Perpustakaan Awam Johor
|
| 999 |
|
|
|a 0001239293
|b Book
|c Adult Collection
|e Perbadanan Perpustakaan Awam Johor
|
| 999 |
|
|
|a 0001239294
|b Book
|c Adult Collection
|e Perbadanan Perpustakaan Awam Johor
|